| 000 | 06273cam a22017894i 4500 | ||
|---|---|---|---|
| 003 | PE-LiUPU | ||
| 005 | 20250813165721.0 | ||
| 008 | 150625s1998 ck a r 000 0 spa d | ||
| 020 | _a9588051223 | ||
| 020 | _a9789588051222 | ||
| 035 | _a(Sirsi) i9789588051222 | ||
| 040 |
_aPE-LiUPU _bspa _cPE-LiUPU _dPE-LiUPU _erda |
||
| 049 | _aPRUA | ||
| 082 | 0 | 4 |
_a610.7301 _bD _221 |
| 245 | 0 | 0 |
_aDimensiones del cuidado / _cBeatriz Sánchez.. |
| 264 | 1 |
_aBogotá : _bUniversidad Nacional de Colombia, _c1998. |
|
| 300 |
_a253 páginas : _bilustraciones ; _c24 centímetros |
||
| 336 |
_atext _2rdacontent |
||
| 337 |
_aunmediated _2rdamedia |
||
| 338 |
_avolume _2rdacarrier |
||
| 505 | 0 | _aConceptualización e interpretaciones del cuidado -- Avances conceptuales del grupo de cuidado -- ¿Por qué hablar de cuidado de la salud enfermería? Indagación filosófica y práctica de enfermería -- Intersubjetividad, comunicación y cuidado -- Promoción del cuidado de la salud -- Cultura y cuidado de la salud -- La empatía, esencia del cuidado de la salud -- Apoyo significativo trascendente en el cuidado de enfermería -- La Ética en el cuidado de enfermería -- La Ética discursiva como fundamento de cuidado de la vida humana -- Dimensiones sociales políticas y económicas del cuidado de enfermería -- Gerencia del cuidado de enfermería -- El significado del cuidado en la formación de profesionales de enfermería -- El poder del cuidado generador de conocimiento en enfermería -- A propósito de cuidado, repensar la práctica de enfermería -- La educación y el cuidado de enfermería -- Fundamentos para la formación de actitudes de cuidado de enfermería -- Familia y cuidado -- Futuro e identidad de enfermería con base en el cuidado: una historia prospectiva del cuidado de enfermería en Colombia -- Experiencia y práctica del cuidado -- Propuesta para aproximar el cuidado de enfermería un marco de referencias del cuidado -- Práctica de autocuidado de la salud de la mujer -- El cuidado desde mi experiencia de género -- Aprendiendo a cuidar -- Experiencias en el área materno perinatal -- Programa de cuidado madre canguro -- Hacer de la administración de medicamentos en los niños un acto de cuidado -- Comunicación con el niño y el cuidado de enfermería -- Necesidad de ayuda una opción en el cuidado al paciente coronario -- La enseñanza de enfermería a la persona traumatizada -- Rasgos de cuidado de enfermería -- Crear espacios educativos de cuidado en el currículo de enfermería -- La coherencia del concepto de cuidado de enfermería en el currículo -- Estrategias para la educación de enfermería en América Latina Siglo XXI -- Formación en la gerencia del cuidado de enfermería -- autocuidado de la salud con base en mi propia experiencia -- Una experiencia de cuidado e investigación del cuerpo -- Una experiencia en el cuidado de enfermería con personas en estado terminal y su familia. | |
| 526 | _aP203 | ||
| 526 | _aP200 | ||
| 526 | _aSEG65 | ||
| 526 | _aSEG64 | ||
| 526 | _aSEG63 | ||
| 526 | _aSEG62 | ||
| 526 | _aSEG61 | ||
| 526 | _aSEG60 | ||
| 526 | _aSEG59 | ||
| 526 | _aSEG58 | ||
| 526 | _aSEG57 | ||
| 526 | _aSEG56 | ||
| 526 | _aSEG55 | ||
| 526 | _aSEG54 | ||
| 526 | _aSEG53 | ||
| 526 | _aSEG52 | ||
| 526 | _aSEG51 | ||
| 526 | _aSEG50 | ||
| 526 | _aSEG49 | ||
| 526 | _aSEG48 | ||
| 526 | _aSEG47 | ||
| 526 | _aSEG46 | ||
| 526 | _aSEG24 | ||
| 526 | _aSEG23 | ||
| 526 | _aSEG22 | ||
| 526 | _aSEG21 | ||
| 526 | _aSEG20 | ||
| 526 | _aSEG19 | ||
| 526 | _aSEG18 | ||
| 526 | _aSEG17 | ||
| 526 | _aSEG16 | ||
| 526 | _aSEG14 | ||
| 526 | _aSEG13 | ||
| 526 | _aSEG12 | ||
| 526 | _aSEG11 | ||
| 526 | _aSEG10 | ||
| 526 | _aSEG09 | ||
| 526 | _aSEG06 | ||
| 526 | _aSEG05 | ||
| 526 | _aSEG04 | ||
| 526 | _aSEG03 | ||
| 526 | _aSEG02 | ||
| 526 | _aSEG68 | ||
| 526 | _aSEG66 | ||
| 526 | _aSEG45 | ||
| 526 | _aSEG25 | ||
| 526 | _aSEG01 | ||
| 526 | _aP163 | ||
| 526 | _aP162 | ||
| 526 | _aP161 | ||
| 526 | _aP160 | ||
| 526 | _aP159 | ||
| 526 | _aP158 | ||
| 526 | _aP157 | ||
| 526 | _aP156 | ||
| 526 | _aP155 | ||
| 526 | _aP154 | ||
| 526 | _aP153 | ||
| 526 | _aP152 | ||
| 526 | _aP151 | ||
| 526 | _aP150 | ||
| 526 | _aP149 | ||
| 526 | _aP142 | ||
| 526 | _aP141 | ||
| 526 | _aP140 | ||
| 526 | _aP139 | ||
| 526 | _aP138 | ||
| 526 | _aP137 | ||
| 526 | _aP132 | ||
| 526 | _aP131 | ||
| 526 | _aP130 | ||
| 526 | _aP126 | ||
| 526 | _aP125 | ||
| 526 | _aP124 | ||
| 526 | _aP123 | ||
| 526 | _aP115 | ||
| 526 | _aP122 | ||
| 526 | _aP121 | ||
| 526 | _aP116 | ||
| 526 | _a P114 | ||
| 526 | _aP112 | ||
| 526 | _aP111 | ||
| 526 | _aP104 | ||
| 526 | _aP103 | ||
| 526 | _aP102 | ||
| 526 | _aP101 | ||
| 526 | _aP100 | ||
| 526 | _aP96 | ||
| 526 | _aP95 | ||
| 526 | _aP93 | ||
| 526 | _aP92 | ||
| 526 | _aP91 | ||
| 526 | _aP88 | ||
| 526 | _aP83 | ||
| 526 | _aP82 | ||
| 526 | _aP79 | ||
| 526 | _aP78 | ||
| 526 | _aP75 | ||
| 526 | _aP74 | ||
| 526 | _aP71 | ||
| 526 | _aP69 | ||
| 526 | _a P51 | ||
| 526 | _aP49 | ||
| 526 | _aP48 | ||
| 526 | _aP47 | ||
| 526 | _aP33 | ||
| 526 | _aP31 | ||
| 526 | _a P30 | ||
| 526 | _aP29 | ||
| 526 | _aP27 | ||
| 526 | _aP26 | ||
| 526 | _aP25 | ||
| 526 | _aP24 | ||
| 526 | _a P22 | ||
| 526 | _aP10 | ||
| 526 | _aP09 | ||
| 526 | _a P08 | ||
| 526 | _aP06 | ||
| 526 | _aP05 | ||
| 526 | _aP04 | ||
| 526 | _aP01 | ||
| 541 | _g89999083; | ||
| 650 | 0 | 4 | _aEquipos de cuidados de enfermería. |
| 650 | 0 | 4 | _aEquipos de cuidados de salud. |
| 700 | 1 |
_aSánchez, Beatriz, _ecoordinador. |
|
| 942 |
_2ddc _cBOOK |
||
| 949 |
_aPGS 610.7301 D _wDEWEY _c1 _i59202 _d2016-5-30 _e2016-5-24 _lCCODEBUL1 _mBUL _n1 _p22.00 _q1 _r0 _sY _tBOOK _u2015-6-25 _xSALUD _PP82 _0COMPRA _o.STAFF. Colección Ciencias de la Salud |
||
| 994 |
_aC0 _bPEPRU |
||
| 596 | _a1 | ||
| 999 |
_aPGS 610.7301 D _wDEWEY _c48011 _i59202 _d48011 _e2019-8-5 _f2021-11-3 _g6 _lCCODEBUL1 _mBUL _n2 _p22.00 _q1 _r0 _sY _tBOOK _u2015-6-25 _xSALUD _zP82 _0COMPRA _o.STAFF. Colección Ciencias de la Salud |
||
| 980 |
_81 _gALBERTO SANCHEZ Responsable de Automatización |
||